000 00566nam a22001932 4500
001 0000003246
005 20151217151920.0
008 070502s xx 000 0 eng d
040 _aKABU
_cKABU
050 0 _aE302.6
_b.F7A2
100 1 _aFranklin, Benjamin.
_@0000152995
245 1 4 _aThe Autobiography of Benjamin Franklin.
260 _aNew York :
_bWashington Square Press,
_c1940.
300 _a215 p.
600 1 0 _aFranklin, Benjamin
_xAutobiography.
_@0000152995
908 _a070502
950 _@1
999 _c6305
_d6305